• 首页
  • 本馆介绍
  • 公告通知
  • 最新文献
  • 馆藏检索
  • 电子资源
  • 读者导购
  • 参考咨询
  • 我的图书馆
  • 登录
  • 详细信息显示
  • 放入我的书架
  • 预约/预借图书
  • 作者相关作品
  • 分类相关作品
  • 丛书相关作品
  • 出版社相关作品

书目信息

  • 表格格式
  • 工作单格式
  • 卡片格式
题名:
太平天国史料专辑
    
 
作者:
分册:  
出版信息: 上海   上海古籍出版社  1979
页数: 570页
开本: 20cm
丛书名: 中国文史论丛
单 册:
中图分类: K254.06
科图分类:
主题词: 太平天国革命--史料
电子资源:
ISBN:
000 00602oam2 2200229 450
001 1549284270
005 20150130134145.62
010    @dCNY1.80
091    @a17186.13
100    @a19950724d1979 em y0chiy0110 ea
101 0  @achi
102    @aCN@b310000
105    @ay z 000yy
200 1  @a太平天国史料专辑@9tai ping tian guo shi liao zhuan ji
210    @a上海@c上海古籍出版社@d1979
215    @a570页@d20cm
225 2  @a中国文史论丛@e增刊
461  0 @12001 @a中国文史论丛
606 0  @a太平天国革命@x史料
690    @aK254.06@v5
801  0 @aCN@bTSSF@c20150130
905    @aZUCC@dK254.06@eJY1
    
    太平天国史料专辑.-上海:上海古籍出版社,1979
    570页;20cm.-(中国文史论丛:增刊)
    
    
    ISBN :CNY1.80
    
●
相关链接 在E读中查询图书 在五车中查询图书 在当当中查询图书 在豆瓣中查询图书


正题名:太平天国史料专辑     索取号:K254.06/JY1         预约/预借

序号 登录号 条形码 馆藏地/架位号 状态 备注
1 7844836   278448360   学院路分馆/ [索取号:K254.06/JY1] 在馆    
唐山师范学院图书馆 欢迎您!
大连网信软件有限公司© 版权所有